000
00318nam a2200157Ia 4500
100
_a
Chawla
650
_a
Research methods
250
_a
2
942
_c
BK
654
_a
research methods
245
_a
Research methods:concepts and cases
260
_b
Vikas
082
_b
CHA
546
_a
ENGLISH
999
_c
29904
_d
29904